Мондоохойд тохиолдсон хөгжөөнтэй явдлууд (Бичлэгийн дугаар. 874017)

MARC дэлгэрэнгүй
000 -Удирдлага
Ном зүйн бүртгэл тоо буюу кодлох утгыг агуулсан 00910 a2200229 4500
008 - ЕРӨНХИЙ МЭДЭЭЛЭЛ-ЭЛЕМЕНТҮҮДИЙН ӨГӨГДЛИЙН УРТ
fixed length control field 240605b mp ||||| |||| 00| 0 mon d
020 ## - ОЛОН УЛСЫН СТАНДАРТ НОМЫН ДУГААР-ISBN
Олон Улсын Стандарт Номын Дугаар 99929-0-830-0
035 ## - СИСТЕМИЙН ХЯНАЛТЫН ДУГААР
Системийн хяналтын дугаар 1381
040 ## - ЭХ СУРВАЛЖИЙГ ТОДОРХОЙЛОН БИЧИХ
Анхны каталогийн байгууллага HE0623081
Каталогийн хэл Монгол
Бичлэг хийж нэвтрүүлэх байгууллага MN-UlNLM
Өөрчлүүлэх байгууллага MN-UlNLM
Бичиглэлийн тодорхойлолт rda
041 ## - ХЭЛНИЙ КОД
Текстийн хэлний код/фонограм буюу салангид гарчиг Монгол
042 ## - AUTHENTICATION CODE
Authentication code 2389
084 ## - БУСАД АНГИЛЛЫН ДУГААР
Ангиллын нэр Номын сан номзүйн ангилал
Анги 84(5Мон)
Зохиогчийн 3-н тэмдэгт В.111
100 ## - ЗОХИОГЧИЙН ХЭСЭГ
Зохиогчийн нэр Ваанчиг Б.
245 #0 - ҮНДСЭН ГАРЧИГ
Гарчиг Мондоохойд тохиолдсон хөгжөөнтэй явдлууд
264 ## - ГАРАЛТЫН МЭДЭЭ
Хэвлэгдсэн газар УБ.
Бүтээгч, хэвлэгч, түгээгч, үйлдвэрлэгчийн нэр Монсудар хэвлэлийн газар
Хэвлэгдсэн он 2006
300 ## - ТООНЫ МЭДЭЭ
Хуудасны тоо 31х.
336 ## - АГУУЛГЫН ТӨРӨЛ
Нөөц rdacontent
Агуулгын төрлийн нөхцөл text
Агуулгын төрлийн код txt
337 ## - MEDIA TYPE
Эх сурвалж rdamedia
Файлын төрөл unmediated
Файлын код n
338 ## - CARRIER TYPE
Source rdacarrier
Carrier type term volume
Carrier type code nc
650 ## - Сэдэв
Сэдэв "Биеийн хүчээр нэгийг дийлнэ. Ухааны увьдсаар бүгдийг ялна" "Санаа зөв бол заяа зөв " "дээд баян эрдэм" гэх мэт оновчтой м...
942 ## - ЭЛЕМЕНТИЙН ТӨРӨЛ
Анги Номын сан номзүйн ангилал
Төрөл Ном
Захиалгууд
Буцаан татагдсан төлөв Хасагдсан шалтгаан Гэмтсэн төлөв Данс заагч Захиалах боломжгүй Үндсэн номын сан Одоогийн байршил Салбар танхим Салбар танхим Бүртгэсэн огноо Тавиурын заалт Баркод Үнэ Хамгийн сүүлд байсан огноо Нийт уншлаганд гарсан тоо Дансны дугаар Төрөл
          Хэнтий Хэнтий Хэнтий | Хүүхдийн уншлагын танхим Хэнтий | Хүүхдийн уншлагын танхим 2024-06-12 84(5Мон) В.111 HE0621381-3-1 950.00 2024-06-12   11864 Ном
          Хэнтий Хэнтий Хэнтий | Хүүхдийн уншлагын танхим Хэнтий | Хүүхдийн уншлагын танхим 2024-06-12 84(5Мон) В.111 HE0621381-3-2 950.00 2024-06-12   11863 Ном
          Хэнтий Хэнтий Хэнтий | Гэрээр ном олгох танхим Хэнтий | Гэрээр ном олгох танхим 2024-06-12 84(5Мон) В.111 HE0621381-4-1 950.00 2024-06-12   18099 Ном